| 000 -LEADER |
| fixed length control field |
00928nam a2200241Ia 4500 |
| 001 - CONTROL NUMBER |
| control field |
690 |
| 003 - CONTROL NUMBER IDENTIFIER |
| control field |
GE_BSU |
| 008 - FIXED-LENGTH DATA ELEMENTS--GENERAL INFORMATION |
| fixed length control field |
181216s||||||||xx |||||||||||||| ||und|| |
| 020 ## - INTERNATIONAL STANDARD BOOK NUMBER |
| International Standard Book Number |
9992806109 |
| 040 ## - CATALOGING SOURCE |
| Transcribing agency |
GE_BSU |
| 080 ## - UNIVERSAL DECIMAL CLASSIFICATION NUMBER |
| Universal Decimal Classification number |
39 |
| 100 ## - MAIN ENTRY--PERSONAL NAME |
| Personal name |
მელიქიშვილი ლია; ხარშილაძე მაკა. |
| 245 ## - TITLE STATEMENT |
| Title |
მეცნიერები ლატენტური კონფლიქტის ზონაში |
| 245 ## - TITLE STATEMENT |
| Remainder of title |
(საველე მუშაობის მეთოდი) |
| 245 ## - TITLE STATEMENT |
| Statement of responsibility, etc. |
ივ.ჯავახიშვილის სახ.ისტორიისა ეთნოლოგიის ინ–ტი |
| 260 ## - PUBLICATION, DISTRIBUTION, ETC. |
| Place of publication, distribution, etc. |
თბილისი |
| 260 ## - PUBLICATION, DISTRIBUTION, ETC. |
| Date of publication, distribution, etc. |
2003 |
| 300 ## - PHYSICAL DESCRIPTION |
| Extent |
115გვ. |
| 653 ## - INDEX TERM--UNCONTROLLED |
| Uncontrolled term |
კონფლიქტები |
| 653 ## - INDEX TERM--UNCONTROLLED |
| Uncontrolled term |
კონფლიქტების სოციოლოგია; |
| 942 ## - ADDED ENTRY ELEMENTS (KOHA) |
| Koha item type |
წიგნი |